Instructor’s manual (to accompany) intermediate accounting/ chapters 1 – 14
Gespeichert in:
| 1. Verfasser: | |
|---|---|
| Format: | Buch |
| Sprache: | Englisch |
| Veröffentlicht: |
John Wesley
2001
|
| Tags: |
Tag hinzufügen
Keine Tags, Fügen Sie den ersten Tag hinzu!
|
MARC
| LEADER | 00000nam a22000007a 4500 | ||
|---|---|---|---|
| 008 | 201221b ||||| |||| 00| 0 eng d | ||
| 020 | |a 0-471-37610-8 | ||
| 100 | |a KIESO, Donald E | ||
| 245 | |a Instructor’s manual (to accompany) intermediate accounting/ chapters 1 – 14 |c by Donald E. Kieso Jerry J. Weygandt and Terry D. Warfield/ Prepared by Dick D. Vasson. | ||
| 250 | |b 10th ed.- | ||
| 260 | |b John Wesley |c 2001 |h New York |i 690756 |l HF5635 .K54 | ||
| 942 | |a lcc |c REF |e ADEYEYE Y. S. |f 21/12/2020 | ||
| 952 | |0 0 |1 0 |2 lcc |4 0 |6 HF5635 K54 |7 0 |9 1092 |a HOL |b HOL |c GJ |d 2020-12-21 |l 0 |o HF5635 .K54 |p 2020-230306 |r 2020-12-21 00:00:00 |w 2020-12-21 |y REF | ||
| 999 | |c 563 |d 563 | ||